Liedtext erkennen #5 - Statistiken

Allgemein
  • Dieses Quiz wurde 418 mal gespielt
  • Das Durchschnittsergebnis liegt bei 38 aus 244
Antwortstatistiken
Antwort % Korrekt
I
98%
ich
56%
the
51%
am
49%
da
47%
er
47%
es
45%
and
39%
das
37%
und
37%
Und
37%
so
35%
ist
32%
wie
29%
war
27%
nicht
24%
mein
21%
your
21%
nie
18%
For
17%
ja
17%
noch
17%
of
17%
Oh
17%
"Wenn
17%
wenn
17%
what
17%
hat
15%
nach
15%
2000 Jahr
14%
oder
14%
doch
13%
hier
13%
immer
13%
wieder
13%
denn
12%
schon
12%
auch
11%
dort
11%
vor
11%
heute
10%
just
10%
komm
10%
ob
10%
Goohott
9%
hast
9%
mehr
9%
there
9%
Gott
8%
keiner
8%
mal
8%
know
7%
zurück!"
7%
ging
6%
Abend
5%
gibt
5%
ihn
5%
wanna
5%
Aha
4%
Jahr
4%
put
4%
schaffe
4%
together
4%
Wadde
4%
wadde
4%
wat
4%
Wat
4%
(Chorus)
3%
darum
3%
dudde
3%
gentlemen
3%
haar
3%
hadde
3%
klar
3%
Ladies
3%
patschehands
3%
please
3%
Raahab
3%
sagte
3%
sonst
3%
Stefan
3%
Wirklich
3%
youve
3%
Amerika
2%
bitte
2%
curious
2%
dabei
2%
Deutschland
2%
dude
2%
gar
2%
german
2%
sensationel
2%
Stefan Raab Interpret
2%
television
2%
(Waahao)
2%
Waddehaddeduddeda Titel
2%
dachte
1%
dat
1%
datda
1%
dochma
1%
glatt
1%
Hadder
1%
hadder
1%
nem
1%
nene
1%
platt
1%
satt
1%
supersack
1%
unklar
1%
matt
0%
numal
0%
sammer
0%
wadder
0%
Keine übereinstimmenden Quizze gefunden
Verteilung der Resultate
Anzahl Personen mit jedem Resultat
Perzentil nach korrekt beantworteten Fragen
Ihre Resultats-Entwicklung
Sie haben dieses Quiz noch nicht gespielt